000 00748nas a2200253 4500
001 BR9508363
003 BR-BrBNA
005 20231205095456.0
007 ta
008 230509b bl.|||p| |||| 00| 00por d
040 _aBR-BrBNA
_bpor
_cBiblioteca Nacional de Agricultura
041 _a(Pt)
072 _aE70
100 1 _aJunqueira, P. de C.
100 1 _aSuckow, A.A.
100 1 _aRamos, L.C.G.
245 1 _aEntreposto terminal de Sao Paulo experiencia e avaliacao
650 _aEntreposto
650 _aMercado Atacadista
650 _aSao Paulo
773 0 _tAgricultura em Sao Paulo (Brazil)
_xISSN 0044-6793
_g(May-Jun 1971), v. 18(5-6) p. 27-101
_wBR9508363
909 _a202311
_bLúcia
_c55
_dLúcia Elande
942 _2AGRIS
_n0
_cANA
999 _c150921
_d150921